000 02020cam a2200169 4500500
005 20260208004506.0
041 _afre
042 _adc
100 1 0 _aBerliner, David
_eauthor
245 0 0 _aTransmettre : un effort sans cesse renouvelé
260 _c2025.
500 _a22
520 _aLa transition énergétique et écologique passe par les collectivités territoriales. C’est ce qu’ont montré deux lois adoptées en 2015 presque simultanément, le 7 et le 17 août. La nouvelle organisation de la République française confie en effet aux régions et aux communes une large part de la mise en œuvre des dispositions destinées à limiter le réchauffement climatique, tout en permettant le développement durable. Un partage fonctionnel de compétences conduit en effet les régions à décliner sous forme de schémas des objectifs nationaux que les groupements de communes doivent respecter dans la délivrance de services de proximité dont ils sont chargés. Au-delà, c’est même un nouveau référentiel économique et écologique que les uns et les autres doivent promouvoir : celui de l’économie circulaire.
520 _aEnergy and ecological transition through local authorities. This was shown two laws adopted in 2015, almost simultaneously, on 7 and 17 August. The new organization of the French Republic refers in fact to the regions and municipalities a large part of the implementation of provisions to limit global warming, while allowing sustainable development. A functional division of powers led indeed the regions to decline as diagrams national objectives as the inter-municipal authorities must meet in delivering local services which they are responsible. Beyond that, it’s even a new economic and ecological repository that one and the other must promote : the circular economy.
786 0 _nLa Revue Nouvelle | 258 | 8 | 2025-12-04 | p. 2-4 | 0035-3809
856 4 1 _uhttps://shs.cairn.info/revue-la-revue-nouvelle-2025-8-page-2?lang=fr&redirect-ssocas=7080
999 _c1649733
_d1649733